[Event "NÃ– Landesliga 2016/2017"]
[Site "?"]
[Date "2017.02.19"]
[Round "7.5"]
[White "Lipp, Alfred"]
[Black "Schuh, Patrick"]
[Result "0-1"]
[WhiteElo "2113"]
[BlackElo "2007"]
[PlyCount "92"]
[EventDate "2016.10.02"]

1. d4 Nf6 2. c4 g6 3. Nc3 d5 4. cxd5 Nxd5 5. e4 Nxc3 6. bxc3 Bg7 7. Bc4 O-O 8.
Ne2 b6 9. O-O Nc6 10. Be3 Na5 11. Bd3 Qd6 12. Qd2 Rd8 13. Bh6 c5 14. Bxg7 Kxg7
15. e5 Qd7 16. f4 cxd4 17. cxd4 e6 18. Rf3 Qd5 19. Rc1 Bb7 20. f5 exf5 21. Qg5
Kf8 22. Qh6+ Ke8 23. Qxh7 Rac8 24. Rxc8 Rxc8 25. Kf2 Qxa2 26. e6 Rc7 27. Qg8+
Ke7 28. Qxf7+ Kd6 29. Qf8+ Kxe6 30. Re3+ Be4 31. Bxe4 fxe4 32. Rxe4+ Kd7 33. d5
Rc2 34. Re7+ Kd6 35. Re6+ Kxd5 36. Qd6+ Kc4 37. Re4+ Kb5 38. Rb4+ Ka6 39. Qd3+
Nc4 40. h4 Ka5 41. Rxc4 Qxc4 42. Qxc4 Rxc4 43. Kg3 b5 44. Nf4 b4 45. Nxg6 b3
46. Ne5 Rc3+ 0-1

[Event "NÃ– Landesliga 2016/2017"]
[Site "?"]
[Date "2017.02.26"]
[Round "8.1"]
[White "Blatny, Pavel"]
[Black "Jankovic, Alojzije"]
[Result "0-1"]
[WhiteElo "2389"]
[BlackElo "2575"]
[PlyCount "104"]
[EventDate "2016.10.02"]

1. b3 d5 2. Bb2 Bg4 3. h3 Bh5 4. d3 Nd7 5. g4 Bg6 6. Bg2 c6 7. f4 e6 8. e3 h5
9. g5 e5 10. Nf3 Qb6 11. Qe2 exf4 12. exf4+ Ne7 13. Nbd2 O-O-O 14. Nh4 Nf5 15.
Nxf5 Bxf5 16. O-O-O Bb4 17. Bxg7 Rde8 18. Qf1 Qa5 19. a4 Nc5 20. Nb1 Rhg8 21.
Be5 b5 22. c3 Nxb3+ 23. Kb2 Nc5 24. cxb4 Qxb4+ 25. Kc1 Nb3+ 26. Kc2 Rxe5 27.
fxe5 Nd4+ 28. Kc1 Nb3+ 29. Kc2 Nd4+ 30. Kc1 Rxg5 31. Rd2 Nb3+ 32. Kd1 Nd4 33.
Kc1 Nb3+ 34. Kd1 Nxd2 35. Nxd2 Qxa4+ 36. Kc1 Qa3+ 37. Kc2 b4 38. h4 Qc3+ 39.
Kd1 Bxd3 40. Qxd3 Qxd3 41. hxg5 b3 42. Bf1 Qc2+ 43. Ke2 b2 44. Bh3+ Kd8 45. Rf1
Qc3 46. Bf5 Qxe5+ 47. Kd1 a5 48. g6 fxg6 49. Bxg6 a4 50. Rf3 h4 51. Bc2 Qh5 52.
Bxa4 h3 0-1

[Event "NÃ– Landesliga 2016/2017"]
[Site "?"]
[Date "2017.02.26"]
[Round "8.1"]
[White "Ganaus, Hannes"]
[Black "Zwettler, Martin"]
[Result "1-0"]
[WhiteElo "2303"]
[BlackElo "2224"]
[PlyCount "63"]
[EventDate "2016.10.02"]

1. Nf3 g6 2. d4 Bg7 3. e4 c5 4. d5 d6 5. Nc3 Nf6 6. Bc4 O-O 7. O-O Bg4 8. h3
Bxf3 9. Qxf3 Nbd7 10. Qd1 Ne8 11. a4 Nc7 12. Bg5 a6 13. Qd2 Re8 14. Bh6 Bh8 15.
f4 Rb8 16. a5 b5 17. axb6 Nxb6 18. Be2 Nd7 19. Nd1 Nf6 20. Bf3 e6 21. dxe6 Rxe6
22. Nf2 Rxb2 23. e5 Nfe8 24. Ne4 d5 25. Nxc5 Rc6 26. Qf2 Qe7 27. Nd3 Rcxc2 28.
Qa7 Rb3 29. Bd1 Rxg2+ 30. Kxg2 Rxd3 31. Be2 Rb3 32. Rab1 1-0

[Event "NÃ– Landesliga 2016/2017"]
[Site "?"]
[Date "2017.02.26"]
[Round "8.1"]
[White "Fiala, Vaclav"]
[Black "Lendwai, Reinhard"]
[Result "1/2-1/2"]
[WhiteElo "2260"]
[BlackElo "2383"]
[PlyCount "89"]
[EventDate "2016.10.02"]

1. e4 c5 2. Nf3 d6 3. d4 cxd4 4. Nxd4 Nf6 5. Nc3 a6 6. Bc4 e6 7. Be3 Be7 8. Bb3
O-O 9. Qe2 Nc6 10. O-O-O Qc7 11. Rhg1 b5 12. g4 b4 13. Nxc6 bxc3 14. Nxe7+ Qxe7
15. Bd4 Bb7 16. e5 Nd5 17. Bxd5 cxb2+ 18. Kb1 exd5 19. Rg3 dxe5 20. Qxe5 Qxe5
21. Bxe5 Rfe8 22. f4 f6 23. Bxb2 Re2 24. g5 fxg5 25. Rxg5 d4 26. Bxd4 g6 27.
Rc5 Rc8 28. f5 Rxc5 29. Bxc5 Be4 30. Rd8+ Kg7 31. Bd4+ Kh6 32. f6 Rxc2 33. Be3+
g5 34. Ka1 Kg6 35. Bd4 Rc7 36. Rg8+ Kf5 37. Re8 Rb7 38. Bb2 Rd7 39. a4 Bd5 40.
Bc3 Bf7 41. Rc8 Rd6 42. Rc7 Kg6 43. Kb2 Re6 44. Re7 h5 45. Kc2 1/2-1/2

[Event "NÃ– Landesliga 2016/2017"]
[Site "?"]
[Date "2017.02.26"]
[Round "8.1"]
[White "Zojer, Stefan"]
[Black "Pakosta, Miroslav"]
[Result "0-1"]
[WhiteElo "2095"]
[BlackElo "2160"]
[PlyCount "64"]
[EventDate "2016.10.02"]

1. d4 c5 2. e3 e6 3. Bd3 Nc6 4. Nf3 Nf6 5. O-O b6 6. b3 Bb7 7. Bb2 g6 8. Nbd2
Bg7 9. dxc5 bxc5 10. Ne4 Qe7 11. Bb5 d5 12. Nxf6+ Bxf6 13. Ne5 Bxe5 14. Bxe5
O-O 15. Bb2 Rac8 16. Qg4 e5 17. Rad1 a6 18. Bxc6 Bxc6 19. f4 f5 20. Qg3 exf4
21. exf4 d4 22. Rfe1 Be4 23. c3 Rfd8 24. Qf2 dxc3 25. Bxc3 c4 26. Rd4 cxb3 27.
Red1 Rxd4 28. Qxd4 Qc5 29. Qxc5 Rxc5 30. Bb4 Rb5 31. Rd8+ Kf7 32. Rd7+ Ke8 0-1

[Event "NÃ– Landesliga 2016/2017"]
[Site "?"]
[Date "2017.02.26"]
[Round "8.1"]
[White "Lechner, Daniel"]
[Black "FrÃ¶wis, Georg"]
[Result "0-1"]
[WhiteElo "2154"]
[BlackElo "2487"]
[PlyCount "64"]
[EventDate "2017.??.??"]
[SourceDate "2017.02.26"]

1. d4 d5 2. c4 e6 3. Nf3 Nf6 4. g3 dxc4 5. Bg2 Nc6 6. O-O Rb8 7. Bg5 Be7 8. e3
b5 9. b3 Na5 10. bxc4 Nxc4 11. Qb3 O-O 12. Nc3 a6 13. Rfd1 Bb7 14. Rac1 h6 15.
Bxf6 Bxf6 16. e4 c6 17. Bf1 Na5 18. Qc2 Be7 19. Ne5 Qc7 20. Nd3 Rbd8 21. Ne2
Ba3 22. Rb1 Nc4 23. Bg2 c5 24. dxc5 Bxc5 25. Nxc5 Qxc5 26. Rbc1 Qb6 27. Nc3
Rxd1+ 28. Rxd1 Rc8 29. Qb3 Rd8 30. a4 Rxd1+ 31. Nxd1 Qd4 32. axb5 axb5 0-1

[Event "NÃ– Landesliga 2016/2017"]
[Site "?"]
[Date "2017.02.26"]
[Round "8.2"]
[White "Kleiser, Gregor"]
[Black "Wirius, Johannes"]
[Result "0-1"]
[WhiteElo "2232"]
[BlackElo "2142"]
[PlyCount "156"]
[EventDate "2017.??.??"]
[SourceDate "2017.02.26"]

1. d4 Nf6 2. Nf3 g6 3. Bf4 Bg7 4. e3 d6 5. Be2 O-O 6. O-O Nbd7 7. h3 c5 8. Nbd2
cxd4 9. exd4 Nd5 10. Bh2 Bh6 11. Re1 N7f6 12. Bf1 Bd7 13. c4 Nf4 14. Ne4 Ne8
15. Neg5 Nh5 16. d5 Bg7 17. Qe2 h6 18. g4 Nhf6 19. Ne4 Nxe4 20. Qxe4 Bxb2 21.
Rab1 Bc3 22. Re3 f5 23. Qxe7 Qxe7 24. Rxe7 Bc8 25. g5 hxg5 26. c5 f4 27. Nxg5
Bf6 28. Rxe8 Rxe8 29. Bxf4 dxc5 30. d6 b6 31. Bb5 Bf5 32. Rd1 Rf8 33. d7 Bd4
34. Bd6 Rad8 35. Bc4+ Kg7 36. Bxf8+ Rxf8 37. Be6 Bf6 38. Bxf5 Bxg5 39. Be4 Be7
40. Kg2 Kf6 41. Bc6 Ke6 42. Bb5 g5 43. Bc4+ Ke5 44. Rd3 Rf4 45. Bb5 Rd4 46. Ra3
a5 47. Rf3 Rf4 48. Rc3 Kd6 49. Re3 Rb4 50. a4 Rd4 51. Kg3 Bd8 52. Re8 Kc7 53.
Re6 Rd6 54. Re5 Rd4 55. Kf3 Rf4+ 56. Kg3 Rd4 57. Rf5 c4 58. Kg2 Be7 59. Re5 Kd6
60. Re3 g4 61. hxg4 Rxg4+ 62. Kf3 Rh4 63. Ke2 Rd4 64. Rh3 Kc7 65. Rh6 Rd6 66.
Rh7 c3 67. Rh8 Bd8 68. Rh4 Rd5 69. Re4 Rc5 70. Kd1 c2+ 71. Kc1 Bf6 72. Bc4 Kxd7
73. f4 Rh5 74. f5 Rh2 75. Bb5+ Kc7 76. Be2 Rf2 77. Bb5 Bg5+ 78. Kb2 c1=Q+ 0-1

[Event "NÃ– Landesliga 2016/2017"]
[Site "?"]
[Date "2017.02.26"]
[Round "8.3"]
[White "Miazhynski, Yuri"]
[Black "Hapala, Elisabeth"]
[Result "0-1"]
[WhiteElo "2034"]
[BlackElo "2130"]
[PlyCount "96"]
[EventDate "2017.??.??"]
[SourceDate "2017.02.26"]

1. e4 c5 2. Nf3 e6 3. d4 cxd4 4. Nxd4 Nc6 5. c4 Nf6 6. Nc3 Bb4 7. Nxc6 bxc6 8.
Bd3 e5 9. O-O Be7 10. Kh1 O-O 11. f4 exf4 12. e5 Ne8 13. Bxf4 d6 14. Ne4 d5 15.
cxd5 cxd5 16. Nc3 Nc7 17. Qh5 g6 18. Qf3 Be6 19. Ne2 Rb8 20. b3 Qd7 21. Bh6
Rfd8 22. Rac1 Ba3 23. Rc2 d4 24. Nf4 Nd5 25. Nxe6 Qxe6 26. Bc4 Rd7 27. Qe4 Bc5
28. a4 a5 29. Bd2 Bb6 30. b4 axb4 31. Bxb4 Bc7 32. Bc5 Qxe5 33. Qxe5 Bxe5 34.
Re2 Ne3 35. Rxe3 dxe3 36. Bxe3 Bc3 37. h3 Rbd8 38. Kh2 Be5+ 39. g3 Rc7 40. Bb5
Rc2+ 41. Rf2 Rxf2+ 42. Bxf2 Rd2 43. Kg1 Bd4 44. Bxd4 Rxd4 45. Kf2 Rb4 46. Kf3
Kf8 47. g4 g5 48. Bc6 Ke7 0-1

[Event "NÃ– Landesliga 2016/2017"]
[Site "?"]
[Date "2017.02.26"]
[Round "8.4"]
[White "WÃ¶ber, Friedrich"]
[Black "Haas, Bernhard"]
[Result "1-0"]
[WhiteElo "2123"]
[BlackElo "2035"]
[PlyCount "81"]
[EventDate "2017.??.??"]
[SourceDate "2017.02.26"]

1. e4 e6 2. d4 d5 3. Nd2 Nf6 4. e5 Nfd7 5. f4 c5 6. Ngf3 Nc6 7. Nb3 a5 8. a4
cxd4 9. Nbxd4 Qb6 10. c3 Bc5 11. Bb5 O-O 12. O-O f6 13. Kh1 Ndxe5 14. fxe5 Nxe5
15. Nxe5 fxe5 16. Rxf8+ Bxf8 17. Nc2 Qd6 18. Qe2 e4 19. Be3 Qc7 20. Rf1 Bd6 21.
Qf2 e5 22. Bb6 Qe7 23. Ne3 Be6 24. Nf5 Bxf5 25. Qxf5 Rf8 26. Qxf8+ Qxf8 27.
Rxf8+ Kxf8 28. Kg1 Ke7 29. Kf2 Ke6 30. Ke2 h5 31. Bxa5 d4 32. Bc4+ Kf5 33. Bb6
d3+ 34. Kd2 g5 35. a5 h4 36. Be3 g4 37. Bd5 Be7 38. Bxb7 Bg5 39. a6 Bf4 40.
Bc8+ Kg5 41. g3 1-0

[Event "NÃ– Landesliga 2016/2017"]
[Site "?"]
[Date "2017.02.26"]
[Round "8.3"]
[White "Reinwald, Patrick"]
[Black "GrÃ¶tz, Harald"]
[Result "0-1"]
[WhiteElo "2140"]
[BlackElo "2272"]
[PlyCount "24"]
[EventDate "2016.10.02"]

1. d4 Nf6 2. c4 g6 3. Nc3 Bg7 4. e4 d6 5. Nf3 O-O 6. Be2 e5 7. O-O Na6 8. Be3
Ng4 9. Bg5 f6 10. Bc1 Kh8 11. h3 Nh6 12. c5 exd4 0-1

[Event "NÃ– Landesliga 2016/2017"]
[Site "?"]
[Date "2017.02.26"]
[Round "8.3"]
[White "Piringer, Florian"]
[Black "Sulzgruber, Robin"]
[Result "0-1"]
[WhiteElo "2166"]
[BlackElo "2195"]
[PlyCount "94"]
[EventDate "2016.10.02"]

1. d4 Nf6 2. Bf4 g6 3. e3 Bg7 4. Nd2 O-O 5. Ngf3 d6 6. Be2 h6 7. h3 e6 8. O-O
Qe7 9. e4 Nc6 10. Bh2 Nd7 11. c3 f5 12. exf5 gxf5 13. Re1 Nb6 14. Nc4 Nd5 15.
Ne3 Nxe3 16. fxe3 e5 17. d5 Nb8 18. Bg3 Nd7 19. Rf1 Bf6 20. e4 Nc5 21. exf5
Bxf5 22. Nd2 Bg5 23. b4 Ne4 24. Nxe4 Bxe4 25. Bf3 Bg6 26. Qe2 Qh7 27. Bg4 Bd3
28. Be6+ Kg7 29. Rxf8 Rxf8 30. Qg4 Qg6 31. Re1 h5 32. Qd1 Bh6 33. Kh2 e4 34. c4
e3 35. c5 e2 36. Rxe2 Bxe2 37. Qxe2 Bf4 38. Bxf4 Rxf4 39. cxd6 cxd6 40. Qd2 Qf6
41. Bc8 Qe5 42. Kg1 Qd4+ 43. Qxd4+ Rxd4 44. Bxb7 Rxb4 45. Bc6 Rb2 46. a4 h4 47.
Kf1 Kf6 0-1

[Event "NÃ– Landesliga 2016/2017"]
[Site "?"]
[Date "2017.02.26"]
[Round "8.3"]
[White "Schmidrathner, Christian"]
[Black "Amberger, Dieter"]
[Result "1-0"]
[WhiteElo "2083"]
[BlackElo "2050"]
[PlyCount "53"]
[EventDate "2016.10.02"]

1. e4 c5 2. Nf3 d6 3. d4 cxd4 4. Nxd4 Nf6 5. Nc3 a6 6. Bg5 e6 7. f4 Qb6 8. Qd2
Qxb2 9. Nb3 Qa3 10. e5 dxe5 11. fxe5 Nfd7 12. Bb5 Bb4 13. Bxd7+ Nxd7 14. O-O
O-O 15. Rae1 Nb6 16. Qd3 Bxc3 17. Qxc3 h6 18. Bxh6 gxh6 19. Rf6 Nd5 20. Qg3+
Kh7 21. Qd3+ Kg7 22. Qg3+ Kh7 23. Rxh6+ Kxh6 24. Re4 Qe7 25. Rg4 Nf4 26. Qxf4+
Kh5 27. Qg3 1-0

[Event "NÃ– Landesliga 2016/2017"]
[Site "?"]
[Date "2017.02.26"]
[Round "8.3"]
[White "Schmid, Thomas"]
[Black "Wetscherek, Gerhard"]
[Result "0-1"]
[WhiteElo "2110"]
[BlackElo "2137"]
[PlyCount "56"]
[EventDate "2016.10.02"]

1. e4 d6 2. d4 g6 3. Nc3 Bg7 4. f4 Nf6 5. Nf3 Bg4 6. h3 Bxf3 7. Qxf3 c6 8. Be3
e6 9. O-O-O Qa5 10. Kb1 b5 11. Bxb5 O-O 12. Bc4 Nbd7 13. g4 Nb6 14. Be2 Rab8
15. Bf1 d5 16. e5 Nfd7 17. h4 c5 18. dxc5 Nxc5 19. g5 Rfc8 20. Bd2 Nba4 21.
Nxa4 Qxa4 22. b3 Qc6 23. Be1 Bf8 24. h5 Na4 25. c4 Qc5 26. Ka1 Qa3 27. Rb1 dxc4
28. Bd2 Bc5 0-1

[Event "NÃ– Landesliga 2016/2017"]
[Site "?"]
[Date "2017.02.26"]
[Round "8.4"]
[White "Weiss, Christian"]
[Black "Gasa, Andrej"]
[Result "1/2-1/2"]
[WhiteElo "2361"]
[BlackElo "2284"]
[PlyCount "57"]
[EventDate "2016.10.02"]

1. c4 e5 2. e3 Nc6 3. a3 Nf6 4. b4 g6 5. Bb2 d6 6. d4 exd4 7. exd4 Qe7+ 8. Be2
Bg4 9. Nc3 Bg7 10. h3 Bxe2 11. Ngxe2 O-O 12. O-O Rfe8 13. Re1 Qd7 14. Qd3 d5
15. c5 Ne7 16. Ng3 c6 17. a4 Nf5 18. Nxf5 Qxf5 19. Qxf5 gxf5 20. Red1 Ne4 21.
Rd3 a6 22. Rad1 Re6 23. Rf3 Rf6 24. Bc1 Re8 25. Kf1 Nxc3 26. Rxc3 Rfe6 27. Rcd3
Re4 28. g3 Re2 29. Bd2 1/2-1/2

[Event "NÃ– Landesliga 2016/2017"]
[Site "?"]
[Date "2017.02.26"]
[Round "8.4"]
[White "Teuber, Andreas"]
[Black "Knoll, Hermann"]
[Result "0-1"]
[WhiteElo "2167"]
[BlackElo "2341"]
[PlyCount "49"]
[EventDate "2016.10.02"]

1. d4 Nf6 2. c4 e6 3. g3 c5 4. d5 exd5 5. cxd5 d6 6. Nc3 g6 7. Bg2 Bg7 8. Nf3
O-O 9. O-O Re8 10. Nd2 Na6 11. h3 Rb8 12. a4 Nb4 13. Nc4 a6 14. Bf4 Bf8 15. a5
Nh5 16. Bc1 Bd7 17. e4 Bb5 18. Nxb5 axb5 19. Na3 Qd7 20. Nc2 Na6 21. Re1 Bg7
22. g4 Nf6 23. f4 Rbd8 24. Re2 c4 25. Nb4 0-1

[Event "NÃ– Landesliga 2016/2017"]
[Site "?"]
[Date "2017.02.26"]
[Round "8.4"]
[White "Eder, Andreas"]
[Black "Vrana, Frantisek"]
[Result "1/2-1/2"]
[WhiteElo "2057"]
[BlackElo "2200"]
[PlyCount "35"]
[EventDate "2016.10.02"]

1. d4 Nf6 2. Bf4 c5 3. e3 d5 4. Nf3 Nc6 5. Nbd2 Qb6 6. dxc5 Qxb2 7. Nb3 e5 8.
Bg3 Bxc5 9. Bb5 Bb4+ 10. Kf1 Bd6 11. c4 O-O 12. cxd5 Ne7 13. Nfd2 Qc3 14. Rc1
Qb4 15. a4 Bg4 16. f3 Nexd5 17. Nc4 a6 18. Be1 1/2-1/2

[Event "NÃ– Landesliga 2016/2017"]
[Site "?"]
[Date "2017.02.26"]
[Round "8.4"]
[White "Hecko, Dusan"]
[Black "Ehs, Dominik"]
[Result "1/2-1/2"]
[WhiteElo "2074"]
[BlackElo "2108"]
[PlyCount "41"]
[EventDate "2016.10.02"]

1. d4 Nf6 2. Nf3 g6 3. Bf4 Bg7 4. e3 d6 5. Nbd2 O-O 6. Be2 Nbd7 7. O-O c5 8. c3
b6 9. Re1 Bb7 10. Rc1 Re8 11. Qa4 a6 12. b4 b5 13. Qd1 cxb4 14. cxb4 Nd5 15. a3
Nxf4 16. exf4 Nb6 17. Bd3 e6 18. Be4 Bxe4 19. Nxe4 Nc4 20. Qd3 Qb6 21. Red1
1/2-1/2

[Event "NÃ– Landesliga 2016/2017"]
[Site "?"]
[Date "2017.02.26"]
[Round "8.5"]
[White "Lovrinovic, Christian"]
[Black "SandhÃ¶fner, Florian"]
[Result "1/2-1/2"]
[WhiteElo "2157"]
[BlackElo "2251"]
[PlyCount "37"]
[EventDate "2016.10.02"]

1. d4 d5 2. c4 c6 3. Nc3 Nf6 4. Nf3 e6 5. cxd5 exd5 6. Bg5 Be7 7. e3 Bf5 8. Bd3
Bxd3 9. Qxd3 O-O 10. O-O Nbd7 11. Rab1 a5 12. a3 Ne4 13. Bxe7 Qxe7 14. Nd2 f5
15. f3 Nxd2 16. Qxd2 Rfe8 17. Rfe1 Nf6 18. Qd3 g6 19. Rbc1 1/2-1/2

[Event "NÃ– Landesliga 2016/2017"]
[Site "?"]
[Date "2017.02.26"]
[Round "8.5"]
[White "Rumpl, Erwin"]
[Black "Heimberger, Reinhard"]
[Result "1/2-1/2"]
[WhiteElo "2318"]
[BlackElo "2262"]
[PlyCount "24"]
[EventDate "2016.10.02"]

1. e4 c5 2. Nf3 d6 3. d4 cxd4 4. Qxd4 Nc6 5. Bb5 Bd7 6. Bxc6 bxc6 7. Nc3 Qb6 8.
Qd3 Nf6 9. O-O e5 10. Nd2 Be6 11. Nc4 Qd4 12. Na5 Qxd3 1/2-1/2

[Event "NÃ– Landesliga 2016/2017"]
[Site "?"]
[Date "2017.02.26"]
[Round "8.5"]
[White "Hellmayr, Alois"]
[Black "Traunwieser, Georg"]
[Result "1/2-1/2"]
[WhiteElo "2252"]
[BlackElo "2115"]
[PlyCount "165"]
[EventDate "2016.10.02"]

1. Nf3 f5 2. g3 Nf6 3. Bg2 e6 4. O-O c6 5. d3 d6 6. Nc3 Be7 7. e4 e5 8. exf5
Bxf5 9. d4 e4 10. Nh4 Bg4 11. f3 exf3 12. Nxf3 d5 13. Qd3 Bxf3 14. Bxf3 O-O 15.
Bd2 Na6 16. a3 Qd7 17. Rae1 Rae8 18. Re2 Nc7 19. Rfe1 Bd8 20. Kg2 Rxe2+ 21.
Rxe2 Ne6 22. Nd1 Bb6 23. c3 Qf7 24. Qf5 Nc7 25. Nf2 Re8 26. Rxe8+ Ncxe8 27. Ng4
Nxg4 28. Bxg4 Qxf5 29. Bxf5 Nd6 30. Bd3 g6 31. Kf3 Kf7 32. g4 Bd8 33. b3 Nb5
34. a4 Nd6 35. Bf4 Ke6 36. g5 Ba5 37. Bd2 Nf5 38. b4 Bd8 39. Kg4 Nd6 40. h4 a5
41. Be1 Bb6 42. bxa5 Bxa5 43. h5 Kf7 44. h6 b5 45. Bc2 bxa4 46. Bxa4 Nb5 47.
Kf4 Bc7+ 48. Ke3 Bd8 49. Kf4 Bc7+ 50. Ke3 Bd8 51. Bh4 Ke6 52. Bc2 Nd6 53. Kf4
Bc7 54. Kf3 Ba5 55. Be1 Nf5 56. Kf4 Bc7+ 57. Kf3 Ba5 58. Ke2 Bd8 59. Bd2 Nd6
60. Kf3 Nf7 61. Kg4 Nd6 62. Kf4 Bc7 63. Kf3 Ba5 64. Ke2 Ne4 65. Be1 Nxg5 66.
Ba4 Nf7 67. Bxc6 Nxh6 68. Kd3 Bc7 69. c4 dxc4+ 70. Kxc4 Nf5 71. d5+ Ke5 72. Kd3
Nd6 73. Bg3+ Kf6 74. Ke2 Ke7 75. Kf3 Ba5 76. Bxd6+ Kxd6 77. Be8 Ke5 78. Bf7 Bd2
79. d6 Kxd6 80. Bg8 h6 81. Bf7 g5 82. Kg4 Ke5 83. Be8 1/2-1/2

[Event "NÃ– Landesliga 2016/2017"]
[Site "?"]
[Date "2017.02.26"]
[Round "8.5"]
[White "Wadsack, Winfried"]
[Black "Danner, Lambert"]
[Result "1/2-1/2"]
[WhiteElo "2158"]
[BlackElo "2086"]
[PlyCount "76"]
[EventDate "2016.10.02"]

1. e4 c5 2. c3 e6 3. d4 d5 4. exd5 exd5 5. Nf3 Nc6 6. Be3 c4 7. b3 cxb3 8. axb3
Nf6 9. Bd3 Bg4 10. h3 Bh5 11. Nbd2 Bg6 12. Bxg6 hxg6 13. Qc2 Qc7 14. Qd3 Be7
15. Ng5 Nh5 16. Qe2 Nf4 17. Qg4 Rh4 18. Bxf4 Qxf4 19. Qxf4 Rxf4 20. Ngf3 Rf6
21. O-O Re6 22. Rfe1 Rxe1+ 23. Rxe1 f6 24. Nh4 Kf7 25. f4 Bd6 26. g3 Ne7 27.
Kg2 Rc8 28. Re3 Rc6 29. Rd3 b5 30. Kf3 a5 31. Ng2 a4 32. b4 Ra6 33. Ne3 Bc7 34.
Nc2 Nc8 35. Na3 Nd6 36. g4 Ra8 37. Re3 Rh8 38. Ke2 Re8 1/2-1/2

[Event "NÃ– Landesliga 2016/2017"]
[Site "?"]
[Date "2017.03.12"]
[Round "9.1"]
[White "SandhÃ¶fner, Florian"]
[Black "Menezes, Christoph"]
[Result "0-1"]
[WhiteElo "2244"]
[BlackElo "2338"]
[PlyCount "118"]
[EventDate "2016.10.02"]

1. d4 Nf6 2. c4 e6 3. Nc3 Bb4 4. Qc2 O-O 5. a3 Bxc3+ 6. Qxc3 d6 7. g3 Bd7 8.
Bg2 Bc6 9. Nf3 Nbd7 10. O-O Be4 11. Rd1 h6 12. b3 d5 13. Bb2 a5 14. Rac1 c6 15.
Bf1 a4 16. b4 Rc8 17. Nd2 Bh7 18. e3 b6 19. Re1 Ne4 20. Nxe4 Bxe4 21. cxd5 exd5
22. Ba6 Qf6 23. f4 b5 24. Bxc8 Rxc8 25. Qd2 Nb6 26. Rc3 Qg6 27. Qe2 Nc4 28. Bc1
Bf5 29. Rxc4 bxc4 30. Bd2 Re8 31. Rc1 Re6 32. Qd1 Bh3 33. Qc2 Qh5 34. Qd1 Bg4
35. Qf1 Qf5 36. h4 Qe4 37. Kh2 Qg6 38. Rc3 Qh5 39. Qf2 Bf3 40. Rc1 Be4 41. Rg1
Qg4 42. Be1 Bf5 43. Rh1 Rg6 44. Kg1 Qh5 45. Kh2 Be4 46. Rg1 Rg4 47. Kh3 g5 48.
fxg5 hxg5 49. Kh2 f5 50. Kh3 Kf7 51. Bc3 Ke6 52. Be1 Kd7 53. Bc3 Kc8 54. Be1
Kb7 55. Bc3 f4 56. exf4 gxh4 57. gxh4 Bf5 58. Rxg4 Qxg4+ 59. Kh2 Qh3+ 0-1

[Event "NÃ– Landesliga 2016/2017"]
[Site "?"]
[Date "2017.03.12"]
[Round "9.1"]
[White "Wadsack, Wolfgang"]
[Black "Knoll, Hermann"]
[Result "0-1"]
[WhiteElo "2115"]
[BlackElo "2309"]
[PlyCount "134"]
[EventDate "2016.10.02"]

1. e4 e5 2. Nc3 Nc6 3. Nf3 Nf6 4. d4 exd4 5. Nxd4 Bb4 6. Nxc6 bxc6 7. Bd3 O-O
8. O-O Re8 9. Bg5 h6 10. Bh4 g5 11. Bg3 d6 12. e5 Bxc3 13. bxc3 dxe5 14. Bxe5
Ng4 15. Bg3 Qf6 16. h3 Ne5 17. Re1 Bf5 18. Bxe5 Rxe5 19. Qf3 Rxe1+ 20. Rxe1
Qxc3 21. Re7 Qa1+ 22. Kh2 Be6 23. Qxc6 Qe5+ 24. g3 Rc8 25. Bc4 Rf8 26. Bd3 Qd4
27. Qf3 c5 28. c3 Qd6 29. Rxa7 c4 30. Bc2 Qc5 31. Ra6 Kg7 32. Rc6 Qa7 33. Qe2
Rd8 34. Kg1 Qd7 35. Qe5+ Kg8 36. Rc7 Qd6 37. Qxd6 Rxd6 38. g4 Rd2 39. Bf5 Bd5
40. Rc8+ Kg7 41. Rc5 Rd1+ 42. Kh2 Kf6 43. f3 Bxf3 44. Rxc4 Rd2+ 45. Kg1 Rg2+
46. Kf1 Rxa2 47. Rb4 h5 48. Rb6+ Ke5 49. Bb1 Ra1 50. Kf2 hxg4 51. hxg4 Bxg4 52.
Rb5+ Kf6 53. c4 Ra3 54. Be4 Be6 55. c5 Ke5 56. Bg2 Ra2+ 57. Kg3 f5 58. c6+ Kd6
59. Kh2 g4 60. Kg1 f4 61. Be4 Ra1+ 62. Kg2 Ra4 63. Bg6 Rc4 64. Rb8 Rxc6 65. Rb5
Bd5+ 66. Kh2 Rc1 67. Be4 g3+ 0-1

[Event "NÃ– Landesliga 2016/2017"]
[Site "?"]
[Date "2017.03.12"]
[Round "9.1"]
[White "Ehs, Dominik"]
[Black "Wadsack, Winfried"]
[Result "1/2-1/2"]
[WhiteElo "2092"]
[BlackElo "2135"]
[PlyCount "59"]
[EventDate "2016.10.02"]

1. Nf3 d5 2. b3 Nc6 3. Bb2 Bg4 4. d4 Bxf3 5. exf3 e6 6. Bd3 g6 7. O-O Bg7 8. c3
Nge7 9. f4 Qd6 10. g3 O-O-O 11. b4 h6 12. b5 Nb8 13. Qa4 g5 14. fxg5 hxg5 15.
f4 gxf4 16. Ba3 Qd7 17. Rxf4 Ng6 18. Bxg6 fxg6 19. Rf2 e5 20. Nd2 Bh6 21. Nf1
exd4 22. cxd4 a6 23. Rb1 Bf8 24. Bxf8 Rdxf8 25. Rxf8+ Rxf8 26. Qb4 Qf5 27. bxa6
Qf2+ 28. Kh1 Qf3+ 29. Kg1 Qf2+ 30. Kh1 1/2-1/2

[Event "NÃ– Landesliga 2016/2017"]
[Site "?"]
[Date "2017.03.12"]
[Round "9.2"]
[White "Gasa, Andrej"]
[Black "Wetscherek, Gerhard"]
[Result "1-0"]
[WhiteElo "2299"]
[BlackElo "2108"]
[PlyCount "67"]
[EventDate "2016.10.02"]

1. e4 d6 2. d4 g6 3. Nc3 Bg7 4. f4 Nf6 5. Bd3 c6 6. Nf3 Bg4 7. h3 Bxf3 8. Qxf3
a6 9. Be3 Qc7 10. e5 Nfd7 11. O-O O-O 12. Ne4 d5 13. Ng5 e6 14. Qg4 c5 15. c3
cxd4 16. cxd4 Nc6 17. Qh4 h6 18. Nf3 Qd8 19. Qf2 Nb4 20. Bb1 Rc8 21. g4 Nb6 22.
f5 f6 23. exf6 Rxf6 24. g5 Rxf5 25. Bxf5 exf5 26. gxh6 Bf6 27. Qg2 Qe8 28. Bg5
Rc2 29. Rf2 Rxf2 30. Qxf2 Bxg5 31. Nxg5 Nd3 32. Qg3 Nxb2 33. Re1 Qc6 34. h7+
1-0

[Event "NÃ– Landesliga 2016/2017"]
[Site "?"]
[Date "2017.03.12"]
[Round "9.2"]
[White "Sulzgruber, Robin"]
[Black "Hofmann, Thomas"]
[Result "1/2-1/2"]
[WhiteElo "2072"]
[BlackElo "2238"]
[PlyCount "149"]
[EventDate "2016.10.02"]

1. e4 e5 2. Nc3 Nf6 3. g3 d5 4. exd5 Nxd5 5. Bg2 Nxc3 6. bxc3 Bd6 7. Rb1 c6 8.
Nf3 Qa5 9. a3 O-O 10. O-O Qc7 11. h3 Nd7 12. d4 exd4 13. cxd4 Nb6 14. Qd3 g6
15. Bh6 Rd8 16. Rbc1 Bf5 17. Qb3 Be4 18. c4 Bxf3 19. Qxf3 Bf8 20. Bf4 Qe7 21.
c5 Nd5 22. Be5 f6 23. Bd6 Qf7 24. Bxf8 Kxf8 25. Rb1 Rab8 26. a4 a5 27. Rfd1 Rd7
28. Qd3 Nb4 29. Qc3 Rbd8 30. Rd2 Kg7 31. Re1 Re8 32. Rde2 Rxe2 33. Rxe2 Re7 34.
Re3 Rxe3 35. Qxe3 Qd7 36. Bf1 Qf7 37. h4 Kf8 38. Qh6+ Ke7 39. Qf4 Kf8 40. Qh6+
Ke7 41. Qf4 Kf8 42. Bh3 f5 43. Bf1 Kg7 44. h5 gxh5 45. Qg5+ Qg6 46. Qe7+ Qf7
47. Qd8 f4 48. Qg5+ Qg6 49. Qxf4 Nd5 50. Qe5+ Qf6 51. Qe4 Qg6 52. Qe5+ Qf6 53.
Qb8 Qe7 54. Bg2 Nc3 55. Bf3 h4 56. gxh4 Nxa4 57. Qf4 Qf6 58. Qc7+ Kh6 59. Qxa5
Qxd4 60. Qc7 Qg7+ 61. Qg3 Qxg3+ 62. fxg3 Nxc5 63. Kf2 Kg6 64. Ke3 Kf6 65. g4 h6
66. Kd4 Ne6+ 67. Ke4 Nf8 68. Kd4 Nd7 69. Be2 b5 70. Kc3 Nb8 71. g5+ hxg5 72.
hxg5+ Kxg5 73. Bxb5 cxb5 74. Kb4 Nc6+ 75. Kxb5 1/2-1/2

[Event "NÃ– Landesliga 2016/2017"]
[Site "?"]
[Date "2017.03.12"]
[Round "9.2"]
[White "Vrana, Frantisek"]
[Black "Seidler, Dieter"]
[Result "1-0"]
[WhiteElo "2223"]
[BlackElo "2008"]
[PlyCount "61"]
[EventDate "2016.10.02"]

1. e4 e6 2. d4 d5 3. e5 c5 4. c3 Nc6 5. Nf3 Nge7 6. Bd3 Ng6 7. h4 c4 8. Bc2 Be7
9. b3 b5 10. a4 b4 11. h5 Nf8 12. bxc4 dxc4 13. Nbd2 Ba6 14. h6 g6 15. Ne4 b3
16. Bb1 Nd7 17. Bg5 Bxg5 18. Nfxg5 O-O 19. Qf3 Ne7 20. Nxh7 Kxh7 21. Ng5+ Kh8
22. Nxf7+ Rxf7 23. Qxf7 Qf8 24. Qxe6 Nb6 25. Be4 Rd8 26. a5 Bc8 27. Qf6+ Qxf6
28. exf6 Ned5 29. axb6 b2 30. Rb1 Nxc3 31. bxa7 1-0